Finančné riadenie škôl a školských zariadení

Dokončenie článku z predchádzajúceho čísla. Problematika financovania škôl a školských zariadení z rozpočtov obcí a vyšších územných celkov. Zákon č. 597/2003 Z. z. o financovaní základných škôl, stredných škôl a školských zariadení v z. n. p.

Salvato in:
Dettagli Bibliografici
Autore principale: Veverková, Ingrid
Natura: Capitolo di libro
Lingua:slovacco
Soggetti:
Tags: Aggiungi Tag
Nessun Tag, puoi essere il primo ad aggiungerne!!

MARC

LEADER 00000naa a2200000 4500
001 0182424
005 20231127103100.5
041 0 |a slo 
044 |a SK 
245 1 0 |a Finančné riadenie škôl a školských zariadení  |c Ingrid Veverková 
520 |a Dokončenie článku z predchádzajúceho čísla. Problematika financovania škôl a školských zariadení z rozpočtov obcí a vyšších územných celkov. Zákon č. 597/2003 Z. z. o financovaní základných škôl, stredných škôl a školských zariadení v z. n. p. 
610 2 0 |a školstvo 
610 2 0 |a školy 
610 2 0 |a zariadenia školské 
610 2 0 |a financovanie školstva 
610 2 0 |a zdroje finančné 
610 2 0 |a rozpočet štátny 
610 2 0 |a rozpočet miestny 
100 1 |a Veverková, Ingrid